Pensamiento Propio /
Salvato in:
| Ente Autore: | |
|---|---|
| Natura: | Libro |
| Lingua: | Spanish |
| Pubblicazione: |
Managua, Nicaragua:
CRIES,
1982-
|
| Soggetti: | |
| Tags: |
Aggiungi Tag
Nessun Tag, puoi essere il primo ad aggiungerne!!
|
MARC
| LEADER | 00000nam a22000007a 4500 | ||
|---|---|---|---|
| 003 | cru CIDCACS/IIS | ||
| 005 | 20221024103654.0 | ||
| 007 | ta | ||
| 008 | 200424s1982 nq |||p|r|||||||| ||spa|d | ||
| 040 | |c cru CIDCACS/IIS | ||
| 090 | |a REV0755 | ||
| 110 | 2 | |a Coordinadora Regional de Investigaciones Económicas y Sociales |9 9268 | |
| 245 | 1 | |a Pensamiento Propio / |c Coordinadora Regional de Investigaciones Económicas y Sociales | |
| 260 | |a Managua, Nicaragua: |b CRIES, |c 1982- | ||
| 270 | |a Ap. c-16 Managua | ||
| 500 | |a EXISTENCIAS: 1982-1985 1-3 (0-29) 1986-1988 3-6 (30-56) 1989 7 (57-66) 1990 8 (67-69, 72-75) 9 (76) 1991 9 (77-79, 80, 82-83) 10 (85-86) 1992 10 (87-91, 94, 96) 1993 11 (100-109) 1994 12 (110-112) 1996 Nueva Epoca (1) 1997 Nueva Epoca (4) | ||
| 500 | |a Colección Centroamérica | ||
| 501 | |a En 1982-1987 y 1992 contiene un indice temático | ||
| 650 | 0 | |9 390 |a REFORMA ECONOMICA | |
| 650 | 4 | |9 4424 |a ESTABILIZACION ECONOMICA | |
| 650 | 0 | |9 671 |a PRODUCCION | |
| 650 | 0 | |9 2434 |a SALARIOS | |
| 650 | 4 | |9 2667 |a INFLACION | |
| 650 | 4 | |9 3225 |a PRECIOS | |
| 650 | 4 | |9 1841 |a PRODUCTO INTERNO BRUTO | |
| 650 | 0 | |9 95 |a EXPORTACIONES | |
| 942 | |2 ddc |c PP | ||
| 999 | |c 43109 |d 43109 | ||
